Laquelle de ces options est une station du métro parisien - #1 - Statistiques

Statistiques générales
  • Ce quiz a été pris 215 fois
  • Le résultat moyen est 13 sur 15
Statistiques - réponses
Question Réponse % Correct
Champs-Élysées... Champs-Élysées - Clémenceau
99%
Cette grosse station du 11ème arrondissement... Nation
99%
Il fait froid ! Glacière
96%
Quel Saint est à l'honneur ? Saint-Sulpice
96%
Quelle femme historique est représentée à Bagneux ? Bagneux - Lucie Aubrac
95%
[Insérer la date d'aujourd'hui]... Quatre-Septembre
91%
Un kilomètre à pied ! Ça use, ça use ! Sentier
91%
Laquelle de ces propositions est exactement le nom d'une station ? Cité
89%
Quelle mairie voit son nom sur une station de métro ? Mairie de Montreuil
86%
Cette station de métro qui mène à une gare majeure de Paris... Saint-Lazare
81%
Lequel de ces fleuves est aussi une station ? Danube
80%
Ça sent le sud ! Jasmin
76%
La station de métro que l'on emprunte pour voir la Tour Eiffel... Bir-Hakeim
66%
"M", "H", "^" ? Guy Môquet
57%
Combien de traits d'union nécessaire.s et où le.s placer ? Palais-Royal - Musée du Louvre
50%
Aucun quiz correspondant
Distribution des résultats
% des personnes avec chaque résultat
Percentile par nombre de réponses
Votre historique - résultats
Vous n’avez pas pris ce quiz